000 00840nam a2200229 a 4500
001 000031746
005 20200930063141.0
008 110629s1929 dr r 000 0 spa d
040 _aDO-SdBNP
_bspa
_cBNPHU
082 _a342.729302
_bR426c,1929
110 2 _aRepública Dominicana
_9447
240 1 0 _aConstitución(1929)
245 1 0 _aConstitución de la República Dominicana :
_b(proclamada en fecha 20 de junio de 1929).
250 _aEdición oficial
260 _aSanto Domingo :
_bJ. R. Vda. García, Sucesores,
_c1929.
300 _a29 p. ;
_c23 cm.
590 _aInventariado, 2019/VM
651 4 _aRepública Dominicana
_xConstitución
_91008
651 4 _aRepública Dominicana
_xReformas Constitucionales
_935781
651 4 _aRepública Dominicana
_zDerecho Constitucional
_9449
910 _aValidado. Control de calidad. MFF
999 _c31238
_d31238